banner koha

A lógica para recuperar o lucro (Registro n. 339662)

MARC details
000 -LÍDER
fixed length control field 00898nab a2200277 4500
003 - CÓDIGO MARC DA AGÊNCIA CATALOGADORA
Campo de controle BR-BrBNA
005 - DATA E HORA DA ÚLTIMA ATUALIZAÇÃO
Campo de controle 20251230164002.0
008 - CAMPO DE TAMANHO FIXO
fixed length control field 251229b bl.||||| |||| 00| 0 por d
040 ## - FONTE DA CATALOGAÇÃO
Agência catalogadora BR-BrBNA
Idioma da catalogação por
072 ## - CATEGORIA AGRIS
Código AGRIS J10 ; E21 ; Q02 ; Q60 ; E13 ; E16
100 ## - ENTRADA PRINCIPAL - NOME PESSOAL
Nome pessoal Popov, Daniel
245 ## - TÍTULO PRINCIPAL
Título principal A lógica para recuperar o lucro
Subtítulo Agronegócios
500 ## - NOTA GERAL
Nota geral 7 illus.
942 ## - ADDED ENTRY ELEMENTS (KOHA)
Koha item type Analítica
650 ## - ASSUNTO - THESAGRO
Cabeçalho tópico ou nome geográfico AGROINDÚSTRIA
650 ## - ASSUNTO - THESAGRO
Cabeçalho tópico ou nome geográfico CANA DE AÇÚCAR
650 ## - ASSUNTO - THESAGRO
Cabeçalho tópico ou nome geográfico ETANOL
650 ## - ASSUNTO - THESAGRO
Cabeçalho tópico ou nome geográfico CADEIA PRODUTIVA
650 ## - ASSUNTO - THESAGRO
Cabeçalho tópico ou nome geográfico INVESTIMENTO
650 ## - ASSUNTO - THESAGRO
Cabeçalho tópico ou nome geográfico LOGÍSTICA
650 ## - ASSUNTO - THESAGRO
Cabeçalho tópico ou nome geográfico TRANSPORTE FERROVIÁRIO
650 ## - ASSUNTO - THESAGRO
Cabeçalho tópico ou nome geográfico CUSTO DE PRODUÇÃO
650 ## - ASSUNTO - THESAGRO
Cabeçalho tópico ou nome geográfico PORTO MARÍTIMO
773 0# - ENTRADA ANALÍTICA
Host Biblionumber 1706
Registro do item 348086
Imprenta São Paulo-SP Editora Três Ltda - E-mail: luizfsa@revistadinheiro.com.br 2004
Outro identificador 2025-0579
Título Dinheiro Rural (Brazil)
ISSN 1807-3700
Colação v. 9(106) p. 68-72; (Aug 2013)
Número de controle de registro BR2025005350

Nenhum exemplar disponível.

BINAGRI

Telefone: (61)3218-2567/2388/3357/2097 - binagri@agro.gov.br

Ministério da Agricultura e Pecuária , Esplanada dos Ministérios, Bloco D, Anexo B, Brasília/DF, CEP: 70.043-900